MARC

LEADER 00000nam0a2200000 4500
001 140669
005 20231031142127.0
010 |a 9781842653654 
035 |a (RuTPU)RU\TPU\book\152394 
090 |a 140669 
100 |a 20080704d2007 k y0engy50 ba 
101 0 |a eng 
102 |a GB 
105 |a a z 001zy 
200 1 |a Numerical Methods for Engineers and Scientists  |f J. N Sharma 
205 |a Second Edition 
210 |a Oxford  |c Alpha Science International Ltd.  |d 2007 
215 |a 369 p.  |c il. 
320 |a Bibliography: p. 364-366. 
320 |a Index: p. 367-369. 
610 1 |a математика 
610 1 |a вычислительная математика 
610 1 |a численные методы 
610 1 |a вычисления 
610 1 |a инженерные расчеты 
610 1 |a применение 
610 1 |a наука 
610 1 |a техника 
610 1 |a технические расчеты 
610 1 |a научные исследования 
610 1 |a математические методы 
610 1 |a английский язык 
675 |a 519.6  |v 3 
700 1 |a Sharma  |b J. N 
801 1 |a RU  |b 63413507  |c 20080704  |g PSBO 
801 2 |a RU  |b 63413507  |c 20080714  |g PSBO 
942 |c BK